| 000 | 00481cam a22001337a 4500 | ||
|---|---|---|---|
| 008 | 180718b1957 xxu||||| |||| 00| 0 eng d | ||
| 082 | _aI9x42 Ea89 | ||
| 100 | _aEaves, John | ||
| 245 |
_aEmergency powers and the parliamentary watchdog: parliament and the executive in Great Britain, 1939-1951 _cby John Eaves |
||
| 260 |
_aLondon _bHansard Society for Parliamentary Government _c1957 |
||
| 300 | _a208p. | ||
| 650 | _aDelegated Legislation - UK | ||
| 650 | _aAdministrative Law - UK | ||
| 999 |
_c364719 _d364719 |
||